000
00336nam a2200145 4500
008
190122s1996||||xo d
100
1
_a
Hartl Bretislav
_9
798
245
1
0
_a
Kamen múdrosti
250
_a
1. vydanie
260
_b
Mladé letá
_a
Bratislava
_c
1996
020
_c
0
041
1
_a
slo
044
_a
xo
_c
SK
958
_a
APR
999
_c
22000
_d
22000